| 000 | 00620nam a22002292i 4500 | ||
|---|---|---|---|
| 999 |
_c8630 _d8630 |
||
| 001 | 8630 | ||
| 003 | BD - JhCC | ||
| 005 | 20180723195452.0 | ||
| 008 | 500101s1950 enka j 000 1 eng d | ||
| 035 | _a(BD - JhCC)8630 | ||
| 040 |
_aAZU _cAZU _dUKM _dEQO _dBD - JhCC |
||
| 041 | _aeng | ||
| 082 |
_a823.91 _218 _bCRO 1950 |
||
| 090 |
_aPZ7.C8827 _bBl |
||
| 100 | 1 |
_aCross, John Keir, _d1914- |
|
| 245 | 1 | 0 |
_aBlackadder / _cby John Keir Cross |
| 260 |
_aLondon : _bF. Muller, _c1950 |
||
| 300 |
_a215 p. : _bill. ; _c19 cm |
||
| 650 | 0 |
_aTrafalgar, Battle of, 1805 _xJuvenile fiction |
|
| 942 |
_2ddc _cBK |
||